[Event "49th ch-IND NatA"]
[Site "Aurangabad IND"]
[Date "2011.10.09"]
[Round "1"]
[White "Krishna,CRG"]
[Black "Laxman,R"]
[Result "0-1"]
[WhiteElo "2317"]
[BlackElo "2451"]

1.d4 Nf6 2.c4 e6 3.Nc3 Bb4 4.f3 d5 5.a3 Bxc3+ 6.bxc3 c6 7.e3 O-O 8.Bd3 b6
9.Ne2 Ba6 10.cxd5 Bxd3 11.Qxd3 cxd5 12.O-O Nbd7 13.Rd1 Qc7 14.e4 dxe4 15.fxe4 Rac8
16.Bg5 Qc6 17.d5 Qc4 18.Qxc4 Rxc4 19.dxe6 fxe6 20.Bxf6 Nxf6 21.Rd4 Rxd4 22.cxd4 Nxe4
23.Rc1 g5 24.Rc6 Rf6 25.Rc7 Rf7 26.Rc6 Re7 27.Nc1 e5 28.dxe5 Rxe5 29.Nb3 Rb5
30.Nc1 Rb1  0-1

[Event "TCh-BEL 2011-12"]
[Site "Belgium BEL"]
[Date "2011.10.09"]
[Round "1.1"]
[White "Wemmers,X"]
[Black "Leenhouts,K"]
[Result "1-0"]
[WhiteElo "2414"]
[BlackElo "2387"]

1.d4 Nf6 2.c4 e6 3.Nc3 Bb4 4.f3 d5 5.a3 Bxc3+ 6.bxc3 dxc4 7.e4 b5 8.a4 c6
9.Ba3 a5 10.Nh3 Na6 11.Be2 b4 12.Bb2 Qb6 13.Bxc4 e5 14.Nf2 Be6 15.Bxe6 fxe6
16.dxe5 bxc3 17.Ba3 Rd8 18.Qc1 Nh5 19.O-O Nb4 20.Qxc3 Nf4 21.Kh1 O-O 22.Rab1 Rd4
23.g3 Ng6 24.f4 Rfd8 25.Rbd1 Nf8 26.Kg2 c5 27.Rc1 Nd3 28.Bxc5 Nxc5 29.Qxc5 Qxc5
30.Rxc5 Rxa4 31.f5 Rd2 32.Kf3 h5 33.Rd1 Rb2 34.Rd3 Raa2 35.Nd1 Rxh2 36.Rc8 Rh1
37.fxe6 Rf1+ 38.Ke3 Kh7 39.e7 Ne6 40.Rh8+  1-0

[Event "Oslo GM Open"]
[Site "Oslo NOR"]
[Date "2011.10.09"]
[Round "9.2"]
[White "Paikidze,N"]
[Black "Tiviakov,S"]
[Result "1/2-1/2"]
[WhiteElo "2412"]
[BlackElo "2647"]

1.d4 Nf6 2.c4 e6 3.Nc3 Bb4 4.f3 O-O 5.a3 Bxc3+ 6.bxc3 Nh5 7.Nh3 f5 8.Bg5 Nf6
9.Nf2 d6 10.e3 Qe8 11.Bxf6 Rxf6 12.Bd3 e5 13.O-O c5 14.Bc2 Na6 15.Rb1 Nc7
16.Nd3 exd4 17.exd4 b6 18.Ba4 Bd7 19.Bxd7 Qxd7 20.dxc5 bxc5 21.Nf4 Rf7 22.Re1 h6
23.Rb2 Re8 24.Rbe2 Rfe7 25.Nd5 Nxd5 26.Qxd5+ Kh8 27.Rxe7 Rxe7 28.Rd1 Qe8
29.Kf1 Qa4 30.Qxd6 Re8 31.Qd3 Qxa3 32.Re1 Rxe1+ 33.Kxe1 a5 34.Kf2 Qb2+ 35.Kf1 Qc1+
36.Kf2 Qg5 37.Qd5 Kh7 38.Qxc5 a4 39.Qa5 Qd2+ 40.Kf1 Qd1+ 41.Kf2 Qd2+ 42.Kf1 Qd3+
43.Ke1 Qxc4 44.Qxf5+ Kg8 45.Qa5 h5 46.Kd2 Qa2+ 47.Kd3 Qb1+ 48.Kd2 Qa2+ 49.Kd3 a3
50.Qa8+ Kh7 51.Qe4+ Kh6 52.Qe3+ Kh7 53.Qe4+ Kh6 54.Qe3+  1/2-1/2

[Event "20th TCh-CRO 1b"]
[Site "Sibenik CRO"]
[Date "2011.10.10"]
[Round "7.4"]
[White "Bozinovic,Bog"]
[Black "Ascic,P"]
[Result "1-0"]
[WhiteElo "2207"]
[BlackElo "2300"]

1.d4 Nf6 2.c4 e6 3.Nc3 Bb4 4.f3 d5 5.a3 Bxc3+ 6.bxc3 b6 7.cxd5 exd5 8.e3 O-O
9.Ra2 Re8 10.g4 c5 11.h4 Qd6 12.Rg2 Ba6 13.Bxa6 Nxa6 14.Ne2 Nc7 15.Ng3 Rac8
16.g5 Nd7 17.h5 Nb5 18.Qb3 Qc6 19.O-O Nd6 20.Qa2 cxd4 21.cxd4 Qc4 22.Qf2 Qd3
23.e4 Rc4 24.Bf4 Nb5 25.Nf5 Nxd4 26.Nh6+ Kh8 27.Nxf7+ Kg8 28.Nd6 Rc2 29.Qxc2 Nxc2
30.Nxe8 Ne3 31.Bxe3 Qxe3+ 32.Kh1 d4 33.Nd6 Qf4 34.Nf5 d3 35.Rg4 Qd2 36.Rg2 Qf4
37.Rg4 Qd2 38.Rg2 Qc3 39.g6 h6 40.a4 Nc5 41.Ne7+ Kf8 42.Nd5 Qe5 43.a5 Qxh5+
44.Kg1 Ne6 45.axb6 axb6 46.Ra1 Ke8 47.Ra8+ Kd7 48.Nxb6+ Kd6 49.Nc4+ Kc7 50.Ra7+ Kb8
51.Ra5 Ng5 52.Rb2+ Kc8 53.Rc5+ Kd7 54.Rb7+ Kd8 55.Rd5+ Kc8 56.Nd6+ Kd8 57.Nb5+ Ke8
58.Nc7+ Ke7 59.Na6+ Ke8 60.Re5+ Kd8 61.Rb8+ Kd7 62.Rd5+ Kc6 63.Rc5+ Kd7 64.Rd5+ Kc6
65.Rc5+ Kd7 66.Rb7+ Kd6 67.Rb6+  1-0

[Event "49th ch-IND NatA"]
[Site "Aurangabad IND"]
[Date "2011.10.12"]
[Round "4"]
[White "Gupta,Ab"]
[Black "Vidit,S"]
[Result "1-0"]
[WhiteElo "2625"]
[BlackElo "2508"]

1.d4 Nf6 2.c4 e6 3.Nc3 Bb4 4.f3 d5 5.a3 Bxc3+ 6.bxc3 c5 7.cxd5 Nxd5 8.dxc5 Qa5
9.e4 Nf6 10.Be3 O-O 11.Qb3 Nfd7 12.a4 Qc7 13.Qa3 b6 14.a5 Bb7 15.Ne2 Nxc5
16.Nd4 Nbd7 17.Be2 Ba6 18.Nb5 Qc6 19.c4 f5 20.exf5 exf5 21.O-O Rfe8 22.Rfe1 bxa5
23.Rad1 a4 24.Bf1 Bxb5 25.cxb5 Qc7 26.Bc4+ Kh8 27.Bd5 Rad8 28.Bc6 Ne6 29.Bf2 Nef8
30.Rxe8 Rxe8 31.Qxa4 Nb6 32.Qc2 Rd8 33.Re1 Qf7 34.h4 h6 35.Re5 f4 36.Rf5 Qc7
37.Qe4 Qd6 38.Rf7 Ne6 39.Qg6 Qd1+ 40.Kh2 Qf1 41.Be4  1-0

[Event "49th ch-IND NatA"]
[Site "Aurangabad IND"]
[Date "2011.10.13"]
[Round "5"]
[White "Deepan,C"]
[Black "Venkatesh,M"]
[Result "1/2-1/2"]
[WhiteElo "2470"]
[BlackElo "2479"]

1.d4 Nf6 2.c4 e6 3.Nc3 Bb4 4.f3 d5 5.a3 Bxc3+ 6.bxc3 c5 7.cxd5 Nxd5 8.dxc5 Qa5
9.e4 Nf6 10.Be3 O-O 11.Qb3 Nfd7 12.a4 Qc7 13.Qa3 b6 14.a5 bxc5 15.Nh3 Ba6
16.Bxa6 Nxa6 17.O-O Qc6 18.Rfd1 Rfd8 19.Nf2 Ne5 20.Bf4 Ng6 21.Be3 h6 22.h3 Ne5
23.Bf4 Ng6 24.Be3 Ne5 25.Bf4 Ng6 26.Be3 Ne5 27.Bf4 Ng6 28.Be3  1/2-1/2

[Event "TCh-ROU Superliga 2011"]
[Site "Brasov ROU"]
[Date "2011.10.14"]
[Round "7.4"]
[White "Posedaru,B"]
[Black "Baratosi,D"]
[Result "1/2-1/2"]
[WhiteElo "2322"]
[BlackElo "2407"]

1.d4 Nf6 2.c4 e6 3.Nc3 Bb4 4.f3 d5 5.a3 Be7 6.e4 dxe4 7.fxe4 e5 8.d5 Bc5
9.Nf3 Bg4 10.h3 Bxf3 11.Qxf3 Nbd7 12.Rb1 O-O 13.Bd3 c6 14.b4 Bd4 15.Ne2 cxd5
16.cxd5 Rc8 17.Be3  1/2-1/2

[Event "Schachbundesliga 2011-12"]
[Site "Muelheim GER"]
[Date "2011.10.14"]
[Round "1"]
[White "Richter,Mic"]
[Black "Gajewski,G"]
[Result "1/2-1/2"]
[WhiteElo "2484"]
[BlackElo "2607"]

1.d4 Nf6 2.c4 e6 3.Nc3 Bb4 4.f3 c5 5.d5 O-O 6.e4 d6 7.Ne2 exd5 8.cxd5 Nbd7
9.Ng3 Re8 10.Be2 Ne5 11.O-O Bd7 12.Be3 a6 13.a3 Ba5 14.Qd2 Rc8 15.Rfc1 b5
16.Kh1 c4 17.Bd4 Bb6 18.Nd1 h5 19.Ne3 Bxd4 20.Qxd4 h4 21.Ngf5 Bxf5 22.Nxf5 g6
23.Nxh4 Nxe4 24.Nxg6 Nc5 25.Nxe5 Rxe5 26.Bxc4 bxc4 27.Qxc4 a5 28.b4 axb4
29.axb4 Nd7 30.Qg4+ Kf8 31.Rxc8 Qxc8 32.Qh4 Ke8 33.f4 Re3 34.h3 Qd8 35.Qh8+ Ke7
36.Qh4+ Ke8 37.Qh8+ Ke7 38.Qh4+ Ke8 39.Qh8+ Ke7  1/2-1/2

[Event "Schachbundesliga 2011-12"]
[Site "Muelheim GER"]
[Date "2011.10.16"]
[Round "3"]
[White "Spoelman,W"]
[Black "Ghaem Maghami,E"]
[Result "1-0"]
[WhiteElo "2563"]
[BlackElo "2583"]

1.d4 Nf6 2.c4 e6 3.Nc3 Bb4 4.f3 c5 5.d5 O-O 6.e4 Re8 7.Ne2 d6 8.Nf4 e5 9.Ne2 Nh5
10.Qd3 Nd7 11.a3 Bxc3+ 12.Qxc3 b5 13.g4 Qh4+ 14.Kd1 Nhf6 15.cxb5 Nb6 16.Qe1 Qxe1+
17.Kxe1 Bd7 18.Nc3 Reb8 19.h4 Ne8 20.Rh2 Nc7 21.b4 cxb4 22.axb4 Nc8 23.Ra5 Rb7
24.Be3 Rab8 25.Rha2 Bxb5 26.Bxa7 Nxa7 27.Rxa7 Be8 28.b5 Kf8 29.b6 Rxa7 30.Rxa7 Na8
31.b7 Nb6 32.Bb5 Ke7 33.Bc6  1-0

[Event "Chigorin Memorial Open"]
[Site "St Petersburg RUS"]
[Date "2011.10.17"]
[Round "4.14"]
[White "Volkov,Sergey1"]
[Black "Gavrilov,Al1"]
[Result "1/2-1/2"]
[WhiteElo "2614"]
[BlackElo "2509"]

1.d4 Nf6 2.c4 e6 3.Nc3 Bb4 4.f3 d5 5.a3 Bxc3+ 6.bxc3 O-O 7.cxd5 exd5 8.e3 Nh5
9.Ne2 Re8 10.g4 Qh4+ 11.Kd2 Nf6 12.Qe1 Qh6 13.Kd1 Nfd7 14.Qg3 c5 15.Ke1 cxd4
16.cxd4 Nb6 17.Kf2 Qc6 18.Kg1 Bd7 19.Qe1 Qf6 20.Qf2 Nc6 21.Nf4 Na5 22.Rb1 Rac8
23.Bd3 Qd6 24.Kg2 Nac4 25.Rb4 Rc7 26.Re1 Rec8 27.Qa2 a5 28.Rb3 Ba4 29.Rb1 Bc2
30.Kg1 Bxb1 31.Qxb1 g6 32.Qb5 Qc6 33.Qb1 Na4 34.Qb3 b5 35.e4 dxe4 36.Bxe4 Qb6
37.Rd1 Rd7  1/2-1/2

[Event "Chigorin Memorial Open"]
[Site "St Petersburg RUS"]
[Date "2011.10.18"]
[Round "5.12"]
[White "Belous,V"]
[Black "Khairullin,I"]
[Result "1/2-1/2"]
[WhiteElo "2504"]
[BlackElo "2642"]

1.d4 Nf6 2.c4 e6 3.Nc3 Bb4 4.f3 O-O 5.a3 Bxc3+ 6.bxc3 Nh5 7.Nh3 f5 8.Bg5 Nf6
9.Bh4 d6 10.Nf2 Qe8 11.e3 e5 12.Be2 Nc6 13.O-O b6 14.c5 dxc5 15.dxc5 Be6
16.e4 f4 17.Nd3 Na5 18.Bf2 Rd8 19.Rb1 Bc4 20.Rb4 Qe6 21.Qb1 Rfe8 22.Re1 h6
23.Ra4 Ba2 24.Qb2 Qb3 25.Qxb3+ Bxb3 26.Rb4 Bf7 27.g3 fxg3 28.hxg3 Bc4 29.Nb2 Bxe2
30.Rxe2 Nc6 31.Rb3 Na5 32.Rb4 Nd7 33.Nc4 bxc5 34.Ra4 Nc6 35.Ra6 Ndb8 36.Ra4 Nd7
37.Ra6 Ndb8 38.Ra4 Rd3 39.Re3 Rd1+ 40.Re1 Rd3 41.Re3 Rd1+ 42.Re1 Red8 43.Kf1 R1d3
44.Re3 Rd1+ 45.Re1 R1d3 46.Re3  1/2-1/2

[Event "Chigorin Memorial Open"]
[Site "St Petersburg RUS"]
[Date "2011.10.21"]
[Round "8.72"]
[White "Sirletti,S"]
[Black "Pavlov,Aleks"]
[Result "0-1"]
[WhiteElo "1940"]
[BlackElo "2303"]

1.d4 Nf6 2.c4 e6 3.Nc3 Bb4 4.f3 O-O 5.a3 Bxc3+ 6.bxc3 b6 7.e4 Ne8 8.Nh3 Nc6
9.Bd3 Ba6 10.Bg5 f6 11.Be3 Qe7 12.O-O Na5 13.Qe2 c5 14.e5 Rc8 15.exf6 gxf6
16.d5 Nd6 17.Bh6 Rfe8 18.f4 Bxc4 19.Bxc4 Naxc4 20.Qg4+ Kh8 21.dxe6 dxe6 22.Rfe1 Qf7
23.f5 Ne5 24.fxe6 Nxg4 25.exf7 Rxe1+ 26.Rxe1 Nxh6 27.Re7 Nhxf7 28.Rxa7 Ne5
29.Nf4 Nb5 30.Rb7 Nxc3 31.Rxb6 Ne4 32.Rb1 c4 33.Re1 f5 34.Kf1 Nd3 35.Nxd3 cxd3
36.Rd1 d2  0-1

[Event "26th Reinis Open"]
[Site "Spijkenisse NED"]
[Date "2011.10.22"]
[Round "3.1"]
[White "Van Ketel,R"]
[Black "Van Wely,L"]
[Result "0-1"]
[WhiteElo "2286"]
[BlackElo "2689"]

1.d4 Nf6 2.c4 e6 3.Nc3 Bb4 4.f3 d5 5.a3 Bxc3+ 6.bxc3 O-O 7.e3 c6 8.Bd3 b6
9.Ne2 Ba6 10.cxd5 Bxd3 11.Qxd3 cxd5 12.e4 Ne8 13.e5 Nc6 14.a4 f6 15.f4 Rc8
16.O-O Rf7 17.g4 f5 18.gxf5 exf5 19.Ng3 g6 20.Ra2 Ng7 21.Rg2 Na5 22.Bd2 Nc4
23.Be1 Qd7 24.h4 Qxa4 25.h5 Qd7 26.hxg6 hxg6 27.Ne2 Qe6 28.Bh4 Nh5 29.Ng3 Nxg3
30.Qxg3 Rc6 31.Bg5 Kf8 32.Rh2 Ke8 33.Bf6 Kd7 34.Qxg6 Rc8 35.Rh7 Rxh7 36.Qxh7+ Kc6
37.Rf2 Qg8+ 38.Qxg8 Rxg8+ 39.Kf1 a5 40.Rh2 a4 41.Be7 Rg4 42.Rf2 a3 43.Bb4 Rxf4  0-1

[Event "TCh-BEL 2011-12"]
[Site "Belgium BEL"]
[Date "2011.10.23"]
[Round "2.4"]
[White "Groffen,H"]
[Black "Tjiam,D"]
[Result "0-1"]
[WhiteElo "2207"]
[BlackElo "2382"]

1.d4 Nf6 2.c4 e6 3.Nc3 Bb4 4.f3 d5 5.a3 Be7 6.e4 dxe4 7.fxe4 e5 8.d5 Bc5
9.Nf3 Bg4 10.h3 Bxf3 11.Qxf3 Nbd7 12.Bd3 a5 13.g4 O-O 14.Bg5 Bd4 15.h4 Qe7
16.h5 Bxc3+ 17.bxc3 Qd6 18.a4 Ne8 19.Bc1 c5 20.dxc6 Qxc6 21.c5 Nxc5 22.Ba3 Rc8
23.Bb5 Qe6 24.O-O Nd6 25.Rfe1 b6 26.Rad1 Nxb5 27.axb5 Qb3 28.Bxc5 Rxc5 29.Rd3 Qxb5
30.h6 gxh6 31.Rd6 Rc6 32.Rd5 Qc4 33.Rxe5 Rg6 34.Rf5 a4 35.Rb1 a3 36.Rb4 Qc6  0-1

[Event "33rd Arco Open"]
[Site "Arco ITA"]
[Date "2011.10.25"]
[Round "4"]
[White "Caldara,S"]
[Black "Antoniacci,R"]
[Result "0-1"]
[WhiteElo "1800"]
[BlackElo "1913"]

1.d4 Nf6 2.c4 e6 3.Nc3 Bb4 4.f3 d5 5.a3 Bxc3+ 6.bxc3 O-O 7.cxd5 exd5 8.e3 Bf5
9.Bd3 Qd7 10.Ne2 Re8 11.O-O Nc6 12.Ng3 Bg6 13.Bxg6 hxg6 14.Ra2 Na5 15.Raf2 Re7
16.e4 c6 17.e5 Nh7 18.f4 f5 19.exf6 gxf6 20.f5 g5 21.h4 gxh4 22.Qg4+ Kh8
23.Qxh4 Qe8 24.Nh5 Qf7 25.Nf4 Re4 26.g4 Nc4 27.Rf3 Rae8 28.Kf2 Kg8 29.Rh1 Qg7
30.Rfh3 Ng5 31.Qh8+ Kf7 32.Qxg7+ Kxg7 33.Nh5+ Kf7 34.Bxg5 fxg5 35.Ng3 Rf4+
36.Kg2 Ne3+ 37.Kg1 Nxg4 38.Rh7+ Kf8 39.Rh8+ Ke7 40.Rxe8+ Kxe8 41.Nh5 Rf3
42.Kg2 Rxc3 43.Re1+ Kf7 44.f6 Re3 45.Rf1 Rxa3 46.Rf5  0-1

[Event "1st WCGD"]
[Site "Dresden GER"]
[Date "2011.10.26"]
[Round "2"]
[White "Anfinogenov,A"]
[Black "Salov,S"]
[Result "1/2-1/2"]
[WhiteElo "2098"]
[BlackElo "2253"]

1.d4 Nf6 2.c4 e6 3.Nc3 Bb4 4.f3 d5 5.a3 Bxc3+ 6.bxc3 c5 7.cxd5 Nxd5 8.Qd3 Nc6
9.e4 Nde7 10.dxc5 Qa5 11.Rb1 O-O 12.Rb5 Qd8 13.Bf4 e5 14.Be3 Rb8 15.Qxd8 Nxd8
16.Ne2 Bd7 17.Rb1 f5 18.Nc1 fxe4 19.fxe4 Bc6 20.Bc4+ Kh8 21.Bg5 Ng6 22.Bd5 Nf7
23.Be3 Nh6 24.h3 Nh4 25.Rg1 N6f5 26.Bf2 Bxd5 27.exd5 e4 28.Ke2 Ng6 29.Be3 Ng3+
30.Kd2 Ne5 31.Bd4 Nc4+ 32.Ke1 Nxa3 33.Rb2 e3 34.Be5 Nc4 35.Bxg3 Nxb2 36.Bxb8 Rxb8
37.Ke2 Rd8 38.d6 b6 39.Nb3 bxc5 40.Nxc5 Rxd6 41.Rb1 Rd2+ 42.Kxe3 Nc4+ 43.Kf3 h6
44.Ra1  1/2-1/2

[Event "World Youth U16 Ol"]
[Site "Kocaeli TUR"]
[Date "2011.10.27"]
[Round "6.18"]
[White "Murdochy,Shivan"]
[Black "Ahmed,Fareed"]
[Result "1/2-1/2"]
[WhiteElo "1866"]
[BlackElo "1711"]

1.d4 Nf6 2.c4 e6 3.Nc3 Bb4 4.f3 d5 5.a3 Bxc3+ 6.bxc3 b6 7.cxd5 exd5 8.e3 O-O
9.Bd3 c5 10.Ne2 Bb7 11.O-O Re8 12.Ng3 g6 13.Re1 h5 14.Bd2 Nc6 15.Qb1 Qd7
16.Kh1 h4 17.Ne2 Kg7 18.Qb2 c4 19.Bc2 Re7 20.Rad1 Qc7 21.Qb1 Na5 22.Ng1 Rae8
23.Nh3 Qc8 24.Rf1 Bc6 25.Rde1 Nb7 26.Ng5 Nd6  1/2-1/2

[Event "19th Skopje Open"]
[Site "Skopje MKD"]
[Date "2011.10.28"]
[Round "6"]
[White "Jacimovic,D"]
[Black "Petkov,V"]
[Result "1/2-1/2"]
[WhiteElo "2429"]
[BlackElo "2511"]

1.d4 Nf6 2.c4 e6 3.Nc3 Bb4 4.f3 d5 5.a3 Be7 6.e4 dxe4 7.fxe4 e5 8.d5 Bc5
9.Nf3 a5 10.Bd3 Nbd7 11.Qe2 O-O 12.Bg5 c6 13.O-O-O Bd4 14.Rdf1 Bxc3 15.bxc3 Qe7
16.Kb2 Nc5 17.Bc2 b5 18.Nd2 bxc4 19.Bxf6 gxf6 20.Qf2 Rb8+ 21.Ka2 Rd8 22.Qh4 Rd6
23.Rb1 Rxb1 24.Rxb1 Rd8 25.Rb6 Bd7 26.Nxc4 Rc8 27.Ne3 Qd8 28.Rb1 Kh8 29.Rf1 Rb8
30.Qxf6+ Qxf6 31.Rxf6 Kg7 32.Rd6 Rc8 33.c4 f6 34.dxc6 Rxc6 35.Nf5+ Kf7 36.Ba4 Rxd6
37.Nxd6+ Ke7 38.Bxd7 Kxd7 39.Nf5 Nxe4 40.Kb3 Nc5+ 41.Kc3 Ke6 42.g4 Ne4+ 43.Kb3 Nc5+
44.Kc3 h5 45.Ng7+ Kf7 46.Nxh5 Kg6 47.Kd2 Kg5 48.h4+ Kxh4 49.Nxf6 Kg5 50.Nd5 Kxg4
51.Ke3 Kf5 52.Ne7+ Ke6 53.Nc6 a4 54.Nb4 Kd6  1/2-1/2

[Event "15th OIBM"]
[Site "Bad Wiessee GER"]
[Date "2011.10.31"]
[Round "3.5"]
[White "Volkov,Sergey1"]
[Black "Stockmann,M"]
[Result "1-0"]
[WhiteElo "2614"]
[BlackElo "2284"]

1.d4 Nf6 2.c4 e6 3.Nc3 Bb4 4.f3 d5 5.a3 Bxc3+ 6.bxc3 c5 7.cxd5 Nxd5 8.dxc5 Qa5
9.e4 Ne7 10.Be3 O-O 11.Qb3 Qc7 12.a4 Nd7 13.a5 Rb8 14.Qa3 f5 15.Nh3 fxe4
16.fxe4 Ng6 17.Nf2 Nde5 18.c4 Nh4 19.Qc3 Rf7 20.Nd3 Nxd3+ 21.Qxd3 Bd7 22.Qd6 Rc8
23.Qxc7 Rxc7 24.O-O-O Bc6 25.Rg1 Bxe4 26.Rd4 Nf5 27.Rxe4 Nxe3 28.Rxe3 Rxc5
29.Rxe6 Rf2 30.a6 Ra5 31.Kb1 bxa6 32.Re8+ Kf7 33.Re2 Raf5 34.Rxf2 Rxf2 35.Bd3 Ke6
36.Re1+ Kd6 37.Re2 Rf4 38.Kb2  1-0

[Event "38th ch-IND w 2011"]
[Site "Chennai IND"]
[Date "2011.11.05"]
[Round "7"]
[White "Sachdev,T"]
[Black "Pratyusha,B"]
[Result "1-0"]
[WhiteElo "2419"]
[BlackElo "2062"]

1.d4 Nf6 2.c4 e6 3.Nc3 Bb4 4.f3 c5 5.d5 O-O 6.e4 Re8 7.Ne2 d6 8.Ng3 exd5
9.cxd5 Nbd7 10.Be2 Ne5 11.O-O Bd7 12.a4 a6 13.Be3 h6 14.Qc2 Rc8 15.h3 c4
16.Nd1 Qa5 17.Kh1 Bc5 18.Bd2 Bb4 19.Bc3 Bxc3 20.bxc3 b5 21.f4 Ng6 22.Ne3 Qb6
23.Ng4 Nxg4 24.Bxg4 Bxg4 25.hxg4 b4 26.cxb4 Qxb4 27.Rab1 Qc5 28.Qc3 Nh4 29.Nh5 f6
30.Nxf6+ gxf6 31.Qxf6 c3 32.Qxh4 c2 33.Rbe1 Qa3 34.Rc1 Qd3 35.e5 Qxd5 36.Qh5 Qe6
37.exd6 Red8 38.f5 Qf6 39.Qh3 Rxd6 40.Rxc2 Rcd8 41.Qb3+ Kh8 42.Re2 Rd4 43.Qh3 Rd1
44.Ree1 Rxe1 45.Rxe1 Qg5 46.Qe3 Qf6 47.Qe7 Rf8 48.Qxf6+ Rxf6 49.Re6 Rxe6
50.fxe6 Kg7 51.Kh2 Kf6 52.Kh3 Kxe6 53.Kh4 Kf6 54.Kh5 Kg7 55.g5 hxg5 56.Kxg5 a5
57.Kf5 Kf7 58.Ke5  1-0

[Event "38th ch-IND w 2011"]
[Site "Chennai IND"]
[Date "2011.11.07"]
[Round "9"]
[White "Sachdev,T"]
[Black "Karavade,E"]
[Result "0-1"]
[WhiteElo "2419"]
[BlackElo "2348"]

1.d4 e6 2.c4 Nf6 3.Nc3 Bb4 4.f3 c5 5.d5 O-O 6.e4 Re8 7.Ne2 d6 8.Nf4 b5 9.cxb5 exd5
10.Nxd5 Bb7 11.Kf2 Nbd7 12.Be2 Nb6 13.a3 Nbxd5 14.Nxd5 Nxd5 15.exd5 Ba5 16.g3 c4
17.Kg2 Bxd5 18.Bd2 Bb6 19.Rc1 Rc8 20.Bb4 Qg5 21.Rc2 Be6 22.Rd2 Qe3 23.Rf1 d5
24.Bc3 Bf5 25.f4 d4 26.Bb4 c3  0-1

[Event "TCh-CZE Liga1 Vychod"]
[Site "Czech Rep CZE"]
[Date "2011.11.13"]
[Round "3"]
[White "Vanek,L"]
[Black "Mojzis,Jar"]
[Result "1-0"]
[WhiteElo "2199"]
[BlackElo "2219"]

1.d4 Nf6 2.c4 e6 3.Nc3 Bb4 4.f3 d5 5.a3 Bxc3+ 6.bxc3 c5 7.cxd5 Nxd5 8.dxc5 f5
9.Qb3 f4 10.Bxf4 Nxf4 11.Qa4+ Nc6 12.Qxf4 Qa5 13.Qc4 O-O 14.Nh3 Rf5 15.Qb3 Rxc5
16.Rc1 Bd7 17.e3 Rc8 18.Nf2 Ne5 19.Ne4 R5c6 20.Qb4 Qc7 21.Qd4 Rb6 22.Rd1 Bc6
23.Nd6 Nxf3+ 24.gxf3 Bxf3 25.Nxc8 Bxh1 26.Qd8+ Qxd8 27.Rxd8+  1-0

[Event "23rd Leuven Open"]
[Site "Leuven BEL"]
[Date "2011.11.13"]
[Round "6.5"]
[White "Geirnaert,S"]
[Black "Tonoli,B"]
[Result "1-0"]
[WhiteElo "2390"]
[BlackElo "2161"]

1.d4 Nf6 2.c4 e6 3.Nc3 Bb4 4.f3 d5 5.a3 Bxc3+ 6.bxc3 O-O 7.Bg5 h6 8.Bh4 c5
9.e3 Nbd7 10.Bd3 Qa5 11.Qd2 dxc4 12.Bxc4 Nd5 13.Ne2 N7b6 14.Bd3 c4 15.Bc2 Re8
16.e4 Ne7 17.O-O Bd7 18.e5 Ba4 19.Bb1 Rad8 20.f4 Rd7 21.Bxe7 Rexe7 22.Ng3 Bc6
23.Nh5 Rd8 24.Qe1 g6 25.Qh4 Nc8 26.Qf6 gxh5 27.Qxh6 f5 28.exf6 Rf7 29.Bg6 Rdd7
30.Bxf7+ Rxf7 31.Rae1 Qf5 32.Re3 Rxf6 33.Rg3+ Kf7 34.Qh8 Rg6 35.Rg5 Qe4 36.Qxh5 Ne7
37.f5 exf5 38.Rfxf5+ Kg7 39.Re5 Qb1+ 40.Kf2 Kf6 41.Qh8+ Kf7 42.Qh7+ Ke8  1-0

[Event "5th Mediterranean Open"]
[Site "Rijeka CRO"]
[Date "2011.11.13"]
[Round "3.17"]
[White "Sutkovic,D"]
[Black "Rimanic,L"]
[Result "1-0"]
[WhiteElo "2339"]
[BlackElo "1997"]

1.d4 Nf6 2.c4 e6 3.Nc3 Bb4 4.f3 d5 5.a3 Be7 6.e4 dxe4 7.fxe4 e5 8.d5 Bc5
9.Nf3 Bg4 10.Be2 Bxf3 11.Bxf3 h6 12.Qe2 a5 13.Bd2 a4 14.O-O-O Qe7 15.Kb1 Na6
16.Ka2 O-O 17.g4 Nh7 18.h4 f6 19.Rh3 g5 20.hxg5 hxg5 21.Rdh1 Rf7 22.Qh2 Bd6
23.Be3 b6 24.Bd1 Nc5 25.Bxc5 Bxc5 26.d6 Qe6 27.Nd5 c6 28.Rxh7  1-0

[Event "TCh-FIN SM-Liiga 2011-12"]
[Site "Helsinki FIN"]
[Date "2011.11.20"]
[Round "6.1"]
[White "Palliser,R"]
[Black "Henttinen,M"]
[Result "1-0"]
[WhiteElo "2444"]
[BlackElo "2270"]

1.d4 Nf6 2.c4 e6 3.Nc3 Bb4 4.f3 c5 5.d5 d6 6.e4 Bxc3+ 7.bxc3 e5 8.Bd3 Nbd7
9.Ne2 Nf8 10.Ng3 Ng6 11.Nf5 Bxf5 12.exf5 Ne7 13.Rb1 Qd7 14.Qc2 O-O-O 15.O-O g6
16.Bg5 Nh5 17.fxg6 hxg6 18.Rb5 f6 19.Bd2 b6 20.a4 Kc7 21.a5 f5 22.Bg5 Rb8
23.Rfb1 Nc8 24.Qf2 Nf4 25.Bf1 Qh7 26.h4 Nh5 27.g3 Qd7 28.f4 e4 29.Kg2 Rf8
30.Qa2 Nf6 31.Be2 Rf7 32.Bd1 Kd8 33.h5 Rg7 34.Bxf6+  1-0

[Event "21st World Seniors"]
[Site "Rijeka CRO"]
[Date "2011.11.24"]
[Round "9.9"]
[White "Cebalo,M"]
[Black "Malmdin,N"]
[Result "1-0"]
[WhiteElo "2446"]
[BlackElo "2308"]

1.d4 e6 2.c4 Nf6 3.Nc3 Bb4 4.f3 d5 5.a3 Be7 6.e4 dxe4 7.fxe4 e5 8.d5 Bc5
9.Nf3 Bg4 10.h3 Bxf3 11.Qxf3 O-O 12.Bd3 Nbd7 13.Rb1 a5 14.b4 axb4 15.axb4 Bd4
16.Ne2 c5 17.Nxd4 exd4 18.O-O b6 19.bxc5 bxc5 20.Qg3 Nh5 21.Qd6 Qc8 22.e5 Ra6
23.Qe7 Nhf6 24.exf6 Re8 25.Bxh7+ Kxh7 26.Qxf7 Rxf6 27.Rxf6 Nxf6 28.Rb7 Qxb7
29.Qxb7 Re1+ 30.Kf2 Rxc1 31.d6 d3 32.d7 d2 33.d8=Q d1=Q 34.Qxd1 Rxd1 35.Ke3 Rd4
36.Qf7 Re4+ 37.Kf3 Rd4 38.g4 Rd3+ 39.Kg2 Rd2+ 40.Kf1 Rd7 41.Qe6 Rd4 42.Qf5+  1-0

[Event "Vizag GM Open"]
[Site "Visakhapatnam IND"]
[Date "2011.11.24"]
[Round "1"]
[White "Grover,S"]
[Black "Harsha,B"]
[Result "1-0"]
[WhiteElo "2515"]
[BlackElo "1917"]

1.d4 Nf6 2.c4 e6 3.Nc3 Bb4 4.f3 c5 5.d5 O-O 6.e4 Re8 7.Ne2 d6 8.Nf4 exd5
9.cxd5 Nbd7 10.Be2 Ne5 11.Nd3 Nxd3+ 12.Qxd3 b5 13.Be3 c4 14.Qd2 Nd7 15.O-O f5
16.Qc2 fxe4 17.Nxe4 Nf6 18.Bd4 Nxd5 19.b3 Nf4 20.bxc4 bxc4 21.Bxc4+ d5 22.Be3 Qc7
23.Qa4 Qe7 24.Bxf4 dxc4 25.Bd6 Bxd6 26.Nxd6 Rd8 27.Nxc4 Qc5+ 28.Kh1 Bd7 29.Qa6 Qb5
30.Qxb5 Bxb5 31.Rfc1 Rac8 32.Ne5 h6 33.h4 Rxc1+ 34.Rxc1 Rd4 35.g4 h5 36.Rc8+ Kh7
37.g5 Rxh4+ 38.Kg2 Ra4 39.Rf8 Rxa2+ 40.Kg3 Ra6 41.Rb8 Rb6 42.g6+ Kh6 43.Rh8+ Kg5
44.f4+ Kf5 45.Rxh5+ Ke4 46.Rh7 Rb7 47.Rh8 Re7 48.Kg4 a6 49.Nf7 Bd7+ 50.Kg5 Be6
51.Rg8 Rc7 52.Rxg7 Rc5+ 53.Ne5 a5 54.Ra7 Bb3 55.g7 Rc2 56.Ng6 Rc5+ 57.Ne5 Rc2
58.Rxa5 Rg2+ 59.Kf6 Kxf4 60.Rb5 Ba2 61.Rb4+ Ke3 62.Rg4 Rf2+ 63.Ke7 Bg8 64.Rh4 Rg2
65.Kf8 Be6 66.Nf7  1-0

[Event "25th Belgrade Trophy"]
[Site "Obrenovac SRB"]
[Date "2011.11.25"]
[Round "2.34"]
[White "Posedaru,B"]
[Black "Katic,G"]
[Result "1-0"]
[WhiteElo "2342"]
[BlackElo "2085"]

1.d4 Nf6 2.c4 e6 3.Nc3 Bb4 4.f3 c5 5.a3 Bxc3+ 6.bxc3 d5 7.cxd5 Nxd5 8.dxc5 f5
9.Qc2 Nd7 10.e4 fxe4 11.fxe4 N5f6 12.Nf3 Nxc5 13.e5 Nfe4 14.Bb5+ Bd7 15.Bxd7+ Qxd7
16.O-O O-O 17.Be3 Qc7 18.Bxc5 Nxc5 19.Ng5 g6 20.Qe2 h6 21.Nf3 Rf5 22.Qe3 g5
23.Nd4 Rxe5 24.Qh3 Qg7 25.Rae1 Rxe1 26.Rxe1 Rf8 27.Qe3 b6 28.a4 e5 29.Nc6 e4
30.a5 Qc7 31.Nb4 Qf4 32.Qd4 e3 33.Qxe3 Qxe3+ 34.Rxe3 bxa5 35.Re5 Nb3  1-0

[Event "Vizag GM Open"]
[Site "Visakhapatnam IND"]
[Date "2011.11.25"]
[Round "3"]
[White "Ulibin,M"]
[Black "Narayanan,Sri"]
[Result "1/2-1/2"]
[WhiteElo "2587"]
[BlackElo "2387"]

1.d4 Nf6 2.c4 e6 3.Nc3 Bb4 4.f3 d5 5.a3 Bxc3+ 6.bxc3 c5 7.cxd5 Nxd5 8.dxc5 Qa5
9.e4 Ne7 10.Be3 O-O 11.Qb3 Qc7 12.Bb5 Nec6 13.Nh3 Na5 14.Qa4 e5 15.Nf2 Be6
16.Rb1 Rc8 17.O-O a6 18.Be2 Nd7 19.Qb4 Nxc5 20.c4 b6 21.Qxb6 Qxb6 22.Rxb6 Nxc4
23.Bxc5 Rxc5 24.Rc1 Nxb6 25.Rxc5 Rc8 26.Rxc8+ Bxc8 27.Nd3 Nc4 28.a4 a5 29.Bd1 f6
30.Bb3 Be6 31.Nc5 Bf7 32.Kf2 Nb6 33.Bxf7+ Kxf7 34.Ke3 Ke7 35.Kd3 Kd6 36.Nb7+ Ke7
37.Nxa5 Nxa4  1/2-1/2

[Event "Vizag GM Open"]
[Site "Visakhapatnam IND"]
[Date "2011.11.25"]
[Round "3"]
[White "Grover,S"]
[Black "Karavade,E"]
[Result "1-0"]
[WhiteElo "2515"]
[BlackElo "2348"]

1.d4 Nf6 2.c4 e6 3.Nc3 Bb4 4.f3 c5 5.d5 O-O 6.e4 Re8 7.Ne2 d6 8.Nf4 exd5
9.cxd5 Nbd7 10.Be2 Ne5 11.Nd3 Nxd3+ 12.Qxd3 b5 13.Qc2 Qb6 14.a4 Ba6 15.O-O bxa4
16.Nxa4 Qb7 17.Bxa6 Qxa6 18.Bf4 Red8 19.Bg5 c4 20.Qc1 Nd7 21.Bxd8 Rxd8 22.Kh1 Ne5
23.Qe3 Qb7 24.b3 cxb3 25.Qxb3 a5 26.Nb2 Qb5 27.f4 Nd7 28.Nd3 Re8 29.Nxb4 Rxe4
30.Rfe1 Rxb4 31.Re8+ Nf8 32.Qe3 Rb1+ 33.Rxb1 Qxb1+ 34.Qe1 Qf5 35.Qe4 Qf6
36.h3 g5 37.fxg5 Qxg5 38.Ra8 Kg7 39.Qd4+ f6 40.Rxa5 Ng6 41.Ra7+ Kh6 42.Rd7  1-0

[Event "25th Belgrade Trophy"]
[Site "Obrenovac SRB"]
[Date "2011.11.27"]
[Round "4.9"]
[White "Posedaru,B"]
[Black "Ernst,S"]
[Result "0-1"]
[WhiteElo "2342"]
[BlackElo "2593"]

1.d4 Nf6 2.c4 e6 3.Nc3 Bb4 4.f3 Nc6 5.a3 Bxc3+ 6.bxc3 b6 7.e4 Ba6 8.Bd3 Na5
9.e5 Ng8 10.Qe2 d5 11.cxd5 Bxd3 12.Qxd3 Qxd5 13.Ne2 Ne7 14.O-O Qc4 15.Qe4 Nd5
16.Nf4 Qxc3 17.Ra2 Nb3 18.Ne2 Qc4 19.Rc2 Qa4 20.Qg4 Nxc1 21.Rfxc1 O-O 22.Ng3 Qxa3
23.Nh5 Qe3+ 24.Kh1 Qh6 25.Re1 Qg6  0-1